| 000 | 00453nam a22001697a 4500 | ||
|---|---|---|---|
| 003 | CEME | ||
| 005 | 20210628205307.0 | ||
| 008 | 210308b xxu||||| |||| 00| 0 eng d | ||
| 020 | _a81-85015-82-1 | ||
| 040 | _c. | ||
| 082 | _a530 FEY'L | ||
| 100 |
_aLeighton, L. B Sands, M Feynmon, R. P _974813 |
||
| 245 | _aLectures on physics mainly mechanics radiation and heat | ||
| 260 |
_aNEWDELHI _bNAROSA _c1997 |
||
| 300 | _aXXVI, 665P | ||
| 942 |
_cBK _2ddc |
||
| 999 |
_c580311 _d580311 |
||